Η ζωή εν τάφω : το βιβλίο του πολέμου
Αποθηκεύτηκε σε:
| Κύριος συγγραφέας: | |
|---|---|
| Άλλοι συγγραφείς: | |
| Μορφή: | Βιβλίο |
| Γλώσσα: | Greek |
| Δημοσίευση: |
[Αθήνα] :
Εστία,
[1959].
|
| Θέματα: | |
| Ετικέτες: |
Προσθήκη ετικέτας
Δεν υπάρχουν, Καταχωρήστε ετικέτα πρώτοι!
|
MARC
| LEADER | 00000cam a2200000 i 4500 | ||
|---|---|---|---|
| 001 | 1/34673 | ||
| 008 | 960726s1959 gr | ||| |||| ||gre|| | ||
| 020 | |a 9600501491 | ||
| 035 | |1 ΕΛΗ |a 1996 |b 2507 |c ΒΙΒΛΙΟΘΗΚΗ |l 10024160 | ||
| 035 | |a 1994 |b 3 |c Αναγνωστοπούλου | ||
| 040 | |a GR-MyUA |b gre |e AACR2 | ||
| 041 | 0 | |a gre | |
| 082 | 0 | |a 889.3 | |
| 100 | 1 | |a Μυριβήλης, Στρατής, |d 1890-1969. | |
| 245 | 1 | 2 | |a Η ζωή εν τάφω : |b το βιβλίο του πολέμου / |c Στράτη Μυριβήλη. |
| 260 | |a [Αθήνα] : |b Εστία, |c [1959]. | ||
| 300 | |a 401 σ. ; |c 24 εκ. | ||
| 500 | |a Το Παράρτημα της Ρόδου διαθέτει την 8η, 30η και 38η έκδοση [ανατύπωση], 1959, 1994, 2005. - Το Παράρτημα της Σάμου διαθέτει την 30η και 37η έκδοση [ανατύπωση], 1994, 2002. - Το Παράρτημα της Μυτιλήνης διαθέτει την 26η έκδοση [ανατύπωση], 1989. - Το Παράρτημα της Χίου διαθέτει την 28η έκδοση [ανατύπωση], 1992 | ||
| 650 | 0 | 0 | |a Greek fiction, Modern. |
| 650 | 0 | 0 | |a Greek literature, Modern. |
| 650 | 0 | 0 | |a Greek literature. |
| 650 | 0 | 0 | |a Greek fiction. |
| 700 | 1 | |a Αγγελόπουλος, Μάριος Κ., |d 1911-1995, |e ill | |
| 852 | |a INST |b CHIOS |e 19960910 |h 889.3 ΜΥΡ |p 005200011985 |q 005200011985 |t BK |y 0 | ||
| 852 | |a INST |b LESVOS |e 20000301 |h 889.33 ΜΥΡ |p 005100023752 |q 005100023752 |t BK |y 0 | ||
| 852 | |a INST |b RHODES |e 19960902 |h 889.3 ΜΥΡ |p 005400007669 |q 005400007669 |t BK |y 0 | ||
| 852 | |a INST |b RHODES |e 20061110 |h 889.3 ΜΥΡ |p 005400023951 |q 005400023951 |t BK |y 0 | ||
| 852 | |a INST |b RHODES |c KRI |e 20050714 |h 889.3 ΜΥΡ |p 005400022938 |q 005400022938 |t BK |y 0 | ||
| 852 | |a INST |b SAMOS |e 19960726 |h 889.3 ΜΥΡ |p 005300009411 |q 005300009411 |t BK |y 0 | ||
| 852 | |a INST |b SAMOS |e 20040928 |h 889.3 ΜΥΡ |p 005300023097 |q 005300023097 |t BK |y 0 | ||
| 901 | |a BIBL3-2004-3 | ||
| 901 | |a BIBL4-2005-2 | ||
| 920 | |a ΚΕΝΤΡΙΚΗ ΔΡΑΣΗ ΦΥΛΟΥ |b ΕΠΕΑΕΚ ΙΙ-ΤΕΠΑΕΣ |y Ρόδος |z 2006-10 | ||
| 922 | |a 1ΕΛΗ |b 199912 |c ΚΠΣ/ΤΚΑ |d EMVASIS | ||
| 950 | |a 117-1999-12-16 | ||
| 970 | |a ΠΟΥΡΝΑΡΑΣ |b ΔΗΜΗΤΡΗΣ |z 2004/09/28 | ||